00472 2200181 4500001002100000005001500021035002000036008004100056245005700097100001800154250000600172260005200178300001200230084001400242082000800256650001400264990001200278INLIS00000000000015520240502112139 a0010-0424000131240502 0 ind 1 aSiapa Bilang Saya Tidak Ingin Kaya ? /cJumadi Subur aSubur, Jumadi a1 aSurakarta :bPT. Era Adicitra Intermedia,c2012 a168 hlm a300 JUM s a300 4aNon Fiksi a0732500